000 00470nam a2200169 4500
003 SEACOMMC
005 20241218112252.0
008 241218b |||||||| |||| 00| 0 eng d
020 _a 9798189012051
_cRs.425.00
040 _aSEACOMMC
082 _a791.43
_bI 41
100 _a Indrajit
245 1 _aDigitised film and video production
_cIndrajit
260 _a Delhi
_b Gnosis: Publishers of Educational Books
_c2006
650 _a Digital cinematography
942 _cBOOK
999 _c896
_d896